书目信息 |
| 题名: |
创新的天梯
|
|
| 作者: | 拉登伯格 , 迈特尔 著 | |
| 分册: | ||
| 出版信息: | 北京 机械工业出版社 2014.05 |
|
| 页数: | 191页 | |
| 开本: | 20cm | |
| 丛书名: | ||
| 单 册: | ||
| 中图分类: | G4 | |
| 科图分类: | ||
| 主题词: | 教育 | |
| 电子资源: | ||
| ISBN: | 7-111-46696-9 | |
| 000 | 00609nam0 2200205 450 | |
| 001 | 2638843379 | |
| 005 | 20260413104934.26 | |
| 010 | @a7-111-46696-9@dCNY45.00 | |
| 100 | @a20260413d2014 km y0chiy0120 ea | |
| 101 | 0 | @achi |
| 102 | @aCN@b110000 | |
| 200 | 1 | @a创新的天梯@AChuang Xin De Tian Ti@f拉登伯格,迈特尔著@FLa Deng Bo Ge,Mai Te Er Zhu |
| 210 | @a北京@c机械工业出版社@d2014.05 | |
| 215 | @a191页@d20cm | |
| 606 | 0 | @a教育 |
| 690 | @aG4@v4 | |
| 701 | 0 | @a拉登伯格@ALa Deng Bo Ge@4著 |
| 701 | 0 | @a迈特尔@AMai Te Er@4著 |
| 801 | 0 | @aCN@b大连网信软件有限公司图书馆·11@c20260413 |
| 905 | @aZUCC@dG4@eZW716 | |
| 创新的天梯/拉登伯格,迈特尔著.-北京:机械工业出版社,2014.05 |
| 191页;20cm |
| ISBN 7-111-46696-9:CNY45.00 |
| ● |
| 相关链接 |
|
|
|
|
正题名:创新的天梯
索取号:G4/ZW716
 
预约/预借
| 序号 | 登录号 | 条形码 | 馆藏地/架位号 | 状态 | 备注 |